00668nam a2200193Ia 4500952013300000999001700133003000400150005001700154008004100171020001800212040000900230082001800239100003200257245007400289260004800363300000900411650001200420942004200432 00102ddc40708HISTORYaMESbMEScHISd2019-02-20g695.00l0o954.02 FLO/Pp35773r2019-02-20 00:00:00w2019-02-20yBKzGL36R2 c21519d21519OSt20200619103442.0190216s9999||||xx |||||||||||||| ||und|| a9780195695120 coclc a954.02bFLO/P a Flood, Finbarr Barry93066 0aPiety And Politics In The Early Indian Mosque /cFinbarr Barry Flood bOxford University Press,c2011.aNew Delhi: a274p aHistory cBK2ddch954.02iFLO/Pk954.02mFLO/P